| 000 | 00546nam a2200193Ia 4500 | ||
|---|---|---|---|
| 003 | IN-BaIIA | ||
| 008 | 211028s9999 xx 000 0 eng d | ||
| 040 | _cIIA Library | ||
| 080 |
_a52(091) _bDRE |
||
| 100 |
_aDreyer, J. L. E _93289 |
||
| 245 | 2 |
_aA history of astronomy from thales to kepler _cDreyer, J. L. E. |
|
| 250 | _a2nd ed. | ||
| 260 |
_aUSA _bDover Publications _c1953 |
||
| 300 | _ax, 438p. | ||
| 650 |
_aArchaeoastronomy _92299 |
||
| 650 | _aAstronomy and astrophysics thesaurus | ||
| 650 |
_aAstronomy-History _9900 |
||
| 942 | _cBK | ||
| 999 |
_c1663 _d1663 |
||